Animorph Books Quiz Stats

 Plays Quiz Updated Apr 3, 2020

     
Support Sporcle.
Go Orange.
Score 0/54 Timer 08:00
0 Plays Today
Book Title % Correct
1The Invasion
76.7%
54The Beginning
68.7%
8The Alien
62.1%
2The Visitor
56.2%
13The Change
50.6%
4The Message
49.4%
10The Android
48.2%
3The Encounter
47.5%
7The Stranger
46.8%
5The Predator
46.8%
6The Capture
46.2%
26The Attack
45.7%
9The Secret
45.2%
29The Sickness
43.5%
11The Forgotten
41.5%
22The Solution
41.2%
20The Discovery
41.1%
17The Underground
40.6%
14The Unknown
39.3%
15The Escape
38.6%
21The Threat
38.4%
12The Reaction
37.8%
25The Extreme
37.6%
18The Decision
37.1%
48The Return
37.1%
40The Other
36.9%
19The Departure
36.8%
Book Title % Correct
23The Pretender
36.5%
53The Answer
35.7%
42The Journey
35.6%
33The Illusion
35.5%
28The Experiment
35.4%
39The Hidden
34.2%
16The Warning
34%
32The Separation
33.9%
38The Arrival
33.8%
34The Prophecy
33.7%
36The Mutation
32.1%
35The Proposal
31.9%
30The Reunion
31.8%
50The Ultimate
31.8%
43The Test
31.7%
52The Sacrifice
31%
27The Exposed
30.2%
46The Deception
29.8%
31The Conspiracy
29.5%
37The Weakness
29.1%
41The Familiar
28.9%
51The Absolute
28.8%
45The Revelation
28.2%
44The Unexpected
28.1%
24The Suspicion
27.8%
47The Resistance
27.7%
49The Diversion
24.4%

From the Vault

'E' Entertainment Images

by druhutch

Sometimes the letter E reminds us of a comb, but honestly, if E were a comb, it would be the worst comb.
Remove Ads.
Support Sporcle.
Get the best of Sporcle when you Go Orange. This ad-free experience offers more features, more stats, and more fun while also helping to support Sporcle. Thank you for becoming a member.

Show Comments

Extras

Top Quizzes Today


Score Distribution

Your Account Isn't Verified!

In order to create a playlist on Sporcle, you need to verify the email address you used during registration. Go to your Sporcle Settings to finish the process.

Report this User

Report this user for behavior that violates our Community Guidelines.

Details: